[Event "Trujillo Interclubes"]
[Site "Trujillo"]
[Date "2016.07.23"]
[Round "5"]
[White "Peralta Marquez, Diego Armando"]
[Black "Nunez Marquina, Nataly Massiel"]
[Result "1-0"]
[WhiteElo "1995"]
[BlackElo "1980"]
[PlyCount "79"]
[EventDate "2016.07.09"]
[EventType "team-swiss"]
[EventRounds "6"]
[EventCountry "PER"]
[SourceTitle "EXT 2018"]
[Source "ChessBase"]
[SourceDate "2017.10.13"]
[SourceVersion "1"]
[SourceVersionDate "2017.10.13"]
[SourceQuality "1"]

1. e4 c5 2. Nf3 e6 3. d4 cxd4 4. Nxd4 a6 5. Nc3 Qc7 6. Bd3 Nf6 7. 0-0 b5 8. Bg5 Bb7 9. a3 Nc6 10. Nxc6 Bxc6 11. Re1 Bd6 12. h3 h5 13. Qf3 Bh2+ 14. Kh1 Be5 15. Rad1 Ng4 16. Kg1 Nf6 17. Rd2 Rb8 18. Nd1 h4 19. Rde2 Nh5 20. c3 a5 21. Ne3 f6 22. Nd5 Qd6 23. Bc1 exd5 24. exd5 Bxd5 25. Qg4 Kd8 26. Bg6 Nf4 27. Rd2 Qc6 28. Red1 Rb7 29. Rxd5 Nxd5 30. Be4 Qe6 31. Qf3 Nxc3 32. bxc3 Rc7 33. Bf5 Qa6 34. Be3 Ke7 35. Qe2 Qc6 36. f4 Qxc3 37. fxe5 Qxe5 38. Qf2 Rhc8 39. Bf4 Qxf5 40. Bd6+ 1-0

[Event "Trujillo Interclubes"]
[Site "Trujillo"]
[Date "2016.07.16"]
[Round "4"]
[White "Peralta Marquez, Diego Armando"]
[Black "Moreno, William"]
[Result "0-1"]
[WhiteElo "1995"]
[BlackElo "2038"]
[PlyCount "84"]
[EventDate "2016.07.09"]
[EventType "team-swiss"]
[EventRounds "6"]
[EventCountry "PER"]
[SourceTitle "EXT 2018"]
[Source "ChessBase"]
[SourceDate "2017.10.13"]
[SourceVersion "1"]
[SourceVersionDate "2017.10.13"]
[SourceQuality "1"]

1. e4 c5 2. Nf3 Nc6 3. Bc4 e6 4. Qe2 a6 5. a3 b5 6. Ba2 Bb7 7. 0-0 d6 8. d3 Nf6 9. c3 Be7 10. Ng5 0-0 11. f4 d5 12. e5 Nd7 13. Nf3 a5 14. d4 b4 15. Rd1 Qb6 16. Qc2 Rfc8 17. Qa4 Ba6 18. Be3 c4 19. cxb4 axb4 20. axb4 Bb5 21. Qc2 Nxb4 22. Qf2 Rxa2 23. Rxa2 Nxa2 24. g4 Nb4 25. Nc3 Nd3 26. Qg2 Bc6 27. Rd2 Ra8 28. h4 Ra1+ 29. Kh2 Ne1 30. Nxe1 Rxe1 31. Bf2 Rc1 32. f5 Bb4 33. Qg3 Bxc3 34. bxc3 Qb1 35. Qf3 Rc2 36. Rxc2 Qxc2 37. Qf4 Nf8 38. Kg3 Qxc3+ 39. Be3 Qe1+ 40. Kh3 exf5 41. gxf5 Bd7 42. Kg2 Bxf5 0-1